000 00422nam a2200169 a 4500
001 0000-9200
003 ELIB.Books
008 110520 1960
035 _a(ELIB.Books)0000-9352
082 _a248.3
_bCro
100 _aCrowell, Grace Noll
245 _aVital Possessions
260 _bNew York: Abingdon Press
_c1960
650 _aChristian Life
942 _2ddc
_cBK
998 _cbat
_e2011-05-20
999 _c9200
_d9200